000 00302nam a2200121Ia 4500
005 20251222153642.0
008 251222s9999||||xx |||||||||||||| ||spa||
082 _a320.985/U61
245 0 _aSociedad, Partidos y Estado en el PerĂº
250 _a1ra. ed.
264 _bUniversidad de Lima
942 _cLIB
999 _c32798
_d32798